000 01520cam a22004457a 4500
003 CHAP
005 20220329133439.0
008 971013s1992 r 00010 d
010 _a6511
011 _a7483
035 _a6706
040 _cCHAP
090 _aTesis
100 0 0 _aHernández Luna, María Beatriz.
_954263
245 0 _aEstudio de las relaciones entre precios internos y externos de doce productos agrícolas, 1965-1989
260 _aChapingo, Méx. :
_bEl autor,
_c1992
300 _a64 h.
_e+ 31 h.
502 _aTesis (Ing. Agr. Esp. en Economía Agrícola) -- UACH. Departamento de Economía Agrícola
590 _aALEPH
_b10
_c20130110
_lUCH01
_h1219
590 _aBATCH-UPD
_b10
_c20130110
_lUCH01
_h0126
590 _aBATCH-UPD
_b10
_c20130110
_lUCH01
_h1723
590 _aBATCH-UPD
_b10
_c20130410
_lUCH01
_h1106
590 _aBATCH-UPD
_b10
_c20130914
_lUCH01
_h0407
590 _aCONVERSION
_b10
_c20130109
_lUCH01
_h1305
650 1 4 _aAlgodon
_xPrecios.
_94048
650 1 4 _aArroz
_xPrecios.
_97645
650 1 4 _aAzúcar
_xPrecios.
_99170
650 1 4 _aCafé
_xPrecios.
_917187
650 1 4 _aFrijol
_xPrecios.
_943420
650 1 4 _aMaíz
_xPrecios.
_971039
650 1 4 _aNaranja
_xPrecios.
_980183
650 1 4 _aProductos agrícolas
_xPrecios.
_992004
650 1 4 _aSorgo
_xPrecios.
_9108707
650 1 4 _aSoya
_xPrecios.
_9109079
650 1 4 _aTabaco
_xPrecios.
_9111237
650 1 4 _aTomate
_xPrecios.
_9113753
901 _aBK
942 _cTESIS
949 _bBC
_cTES
_d-16314
_eTS1
_h25623
_i6706
_si
999 _c6511
_d6511